LEADER 01763nam0 22004093i 450 001 UR10004608 005 20251003044432.0 010 $a8813188331 020 $aIT$b94-9865 100 $a20130418d1994 ||||0itac50 ba 101 | $aita$cita 102 $ait 181 1$6z01$ai $bxxxe 182 1$6z01$an 183 1$6z01$anc$2RDAcarrier 200 1 $aCasi e materiali di diritto comunitario$edal Mercato comune all'Unione europea$fa cura di Paolo Mengozzi 210 $aPadova$cCEDAM$d1994 215 $aXVIII, 820 p.$d24 cm. 500 11$aCasi e materiali di diritto comunitario$3IEI0754143$9669178 606 $aDiritto comunitario$2FIR$3CFIC008568$9E 676 $a341.242$9Diritto delle nazioni (Diritto internazionale) - Unione europea$v14 676 $a341.2422026$9UNIONE EUROPEA. Trattati e giurisprudenza$v22 696 $aDiritto dell'UE$aDiritto delle Comunità europee$aDiritto dell'Unione europea$aDiritto europeo 699 $aDiritto comunitario$yDiritto dell'UE 699 $aDiritto comunitario$yDiritto delle Comunità europee 699 $aDiritto comunitario$yDiritto dell'Unione europea 699 $aDiritto comunitario$yDiritto europeo 702 1$aMengozzi$b, Paolo$3CFIV008259$4070 801 3$aIT$bIT-000000$c20130418 850 $aIT-BN0095 $aIT-NA0070 901 $bNAP 01$cD $n$ 901 $bNAP BU$c5 B $nPropedeutica. Formato cm. 20,1-28. 912 $aUR10004608 950 0$aBiblioteca Centralizzata di Ateneo$b1 v.$c1 v.$d 01D (AR) 21 973$e 01AR 0700219735 VMA A4 1 v.$fY $h20190508$i20190508 977 $a 01$a BU 996 $aCasi e materiali di diritto comunitario$9669178 997 $aUNISANNIO